000 00624nam a2200205 a 4500
001 000009330
003 DO-SdBNP
005 20240412074211.0
008 090929s19uu dr 000 p spa d
040 _aDO-SdBNP
_bspa
_cBNPHU
082 4 _aRD861.44
_bG643p
_222
100 1 _aGonzález Herrera, Julio
_923847
245 1 3 _aLa predestinación de las cinco estrellas /
_cJulio González Herrera.
246 1 3 _aLa predestinación de las cinco estrellas
260 _aSanto Domingo?],
_c[19--?].
300 _ax p. ;
_c19 cm.
650 0 _aPoesía dominicana
_966
650 0 _aLiteratura dominicana.
_967
942 _2ddc
_cLF1
999 _c9090
_d9090